[Event "Baden-ch op U1600"]
[Site "Birkenfeld"]
[Date "2013.06.01"]
[Round "5"]
[White "Markowitz, Dirk"]
[Black "Dietz, Kurt"]
[Result "1-0"]
[WhiteElo "1475"]
[BlackElo "1462"]
[PlyCount "169"]
[EventDate "2013.05.30"]
[EventType "swiss"]
[EventRounds "7"]
[EventCountry "GER"]
[SourceTitle "EXT 2014"]
[Source "ChessBase"]
[SourceDate "2013.11.20"]
[SourceVersion "1"]
[SourceVersionDate "2013.11.20"]
[SourceQuality "1"]

1. e4 e5 2. Bc4 Nf6 3. Nc3 Nc6 4. d3 Bb4 5. Bd2 d6 6. h3 Nd4 7. Nf3 c5 8. a3 Bxc3 9. Bxc3 Bd7 10. Bxd4 exd4 11. Qd2 h6 12. c3 b5 13. Ba2 dxc3 14. bxc3 0-0 15. 0-0 Be6 16. Rfe1 Bxa2 17. Qxa2 a5 18. e5 dxe5 19. Nxe5 Nd5 20. Qc2 Nf4 21. d4 Qg5 22. Ng4 cxd4 23. cxd4 Rac8 24. Qe4 f5 25. Nxh6+ gxh6 26. Qf3 Rc3 27. Re3 Rfc8 28. h4 Rc1+ 29. Re1 Rxe1+ 30. Rxe1 Qg4 31. Qxg4+ fxg4 32. Re4 Rf8 33. g3 Nh3+ 34. Kh2 Rxf2+ 35. Kh1 h5 36. d5 Rd2 37. Re5 Nf2+ 38. Kg1 Nh3+ 39. Kh1 Rd1+ 40. Kh2 Rd2+ 41. Kh1 Nf2+ 42. Kg1 Kh7 43. Rxh5+ Kg6 44. Rg5+ Kf6 45. d6 Nh3+ 46. Kf1 Rxd6 47. Rxb5 a4 48. Ke2 Ng1+ 49. Ke3 Nf3 50. Rb4 Re6+ 51. Kf4 Nd2 52. Rxa4 Rc6 53. Kxg4 Rc4+ 54. Rxc4 Nxc4 55. a4 Ne5+ 56. Kf4 Nc6 57. g4 Ne7 58. a5 Nd5+ 59. Ke4 Nc7 60. g5+ Kg6 61. Ke5 Nb5 62. a6 Na7 63. Kd6 Kf7 64. Kc7 Kg6 65. Kb7 Nb5 66. Kb6 Nd6 67. a7 Nc8+ 68. Kb7 Nxa7 69. Kxa7 Kf5 70. Kb6 Kg6 71. Kc5 Kf5 72. Kd4 Kg6 73. Ke5 Kg7 74. Kf5 Kh7 75. Kf6 Kh8 76. Kf7 Kh7 77. g6+ Kh6 78. g7 Kh5 79. Kf6 Kxh4 80. g8R Kh3 81. Kf5 Kh2 82. Kf4 Kh1 83. Kf3 Kh2 84. Rh8+ Kg1 85. Rh7 1-0

[Event "Baden-ch op U1600"]
[Site "Birkenfeld"]
[Date "2013.05.31"]
[Round "4"]
[White "Markowitz, Dirk"]
[Black "Senel, Onur"]
[Result "1/2-1/2"]
[WhiteElo "1475"]
[BlackElo "1418"]
[PlyCount "92"]
[EventDate "2013.05.30"]
[EventType "swiss"]
[EventRounds "7"]
[EventCountry "GER"]
[SourceTitle "EXT 2014"]
[Source "ChessBase"]
[SourceDate "2013.11.20"]
[SourceVersion "1"]
[SourceVersionDate "2013.11.20"]
[SourceQuality "1"]

1. e4 e5 2. Bc4 Nf6 3. Nc3 Bc5 4. Nf3 Nc6 5. d3 h6 6. Ne2 d6 7. h3 Be6 8. Bxe6 fxe6 9. c3 d5 10. Qc2 Qd7 11. Bd2 0-0-0 12. Rd1 Rhf8 13. 0-0 g5 14. b4 Bd6 15. a4 Nh5 16. b5 Ne7 17. c4 Bc5 18. cxd5 b6 19. Nxe5 Qd6 20. Nc4 Qd7 21. d4 exd5 22. Ne5 Qd6 23. Bc3 Bb4 24. Rc1 Bxc3 25. Qxc3 dxe4 26. Nc6 Nd5 27. Qa1 Rd7 28. Nxa7+ Kb7 29. a5 bxa5 30. Nc6 Ra8 31. Ne5 Re7 32. Rc6 Qd8 33. Rxh6 Nhf4 34. Nxf4 Nxf4 35. Nc6 Ne2+ 36. Kh1 Qf8 37. Nxe7 Qxh6 38. Nf5 Qf6 39. g4 Qh8 40. Kh2 Nf4 41. Qc3 Qh7 42. Qc6+ Kb8 43. Qe8+ Ka7 44. Qxe4 Qxh3+ 45. Kg1 Qxg4+ 46. Ng3 Nh3+ 1/2-1/2